A Mathematical Companion to Quantum Mechanics /

Guardado en:
Detalles Bibliográficos
Autor principal: Sternberg, Shlomo (Autor)
Formato: Libro
Lenguaje:inglés
Publicado: Mineola Dover Publications 2019
Materias:
Etiquetas: Agregar Etiqueta
Sin Etiquetas, Sea el primero en etiquetar este registro!

MARC

LEADER 00000nam a22000003a 4500
001 0084579
003 SK-STU
005 20201123092918.5
007 ta
008 201123s ----xo-----e------000-0-----d
020 |a 978-0-486-82689-9 
040 |a STU  |b slo 
041 0 |a eng 
044 |a xxu 
100 1 |a Sternberg, Shlomo  |4 aut 
245 1 0 |a A Mathematical Companion to Quantum Mechanics /  |c aut. Shlomo Sternberg 
260 |a Mineola  |b Dover Publications  |c 2019 
300 |a 310 s. 
650 0 7 |a kvantová mechanika 
650 0 7 |a kvantová teória 
650 0 7 |a matematická fyzika 
996 |b 284M088476  |c M* 14386-1  |l MMKN  |s A  |a 24  |w 0084579_0001